[Event "Arad op 16th"]
[Site "Arad"]
[Date "2023.08.10"]
[Round "6"]
[White "Serban, Cristian Stefan"]
[Black "Rakotomaharo, Fy Antenaina"]
[Result "1-0"]
[WhiteElo "2275"]
[BlackElo "2464"]
[PlyCount "81"]
[EventDate "2023.08.07"]
[EventType "swiss"]
[EventRounds "9"]
[EventCountry "ROU"]
[SourceTitle "EXT 2024"]
[Source "ChessBase"]
[SourceDate "2023.10.10"]
[SourceVersion "1"]
[SourceVersionDate "2023.10.10"]
[SourceQuality "1"]

1. d4 Nf6 2. c4 e6 3. Nf3 b6 4. g3 Ba6 5. b3 Bb4+ 6. Bd2 Be7 7. Nc3 d5 8. cxd5 exd5 9. Bg2 0-0 10. 0-0 Nbd7 11. Ne5 Bb7 12. Rc1 Re8 13. Rc2 Nf8 14. Bc1 Ne6 15. Bb2 Bf8 16. e3 a6 17. h4 Rc8 18. Qa1 c5 19. Ne2 Bd6 20. Nd3 Ne4 21. Rfc1 Qe7 22. Nef4 Nxf4 23. Nxf4 f5 24. dxc5 bxc5 25. Nh5 Qf7 26. Nxg7 Rf8 27. Bf3 d4 28. exd4 f4 29. g4 Ng5 30. hxg5 Bxf3 31. Nf5 Qd5 32. Nh6+ Kg7 33. dxc5+ Kg6 34. Bh8 Kxg5 35. cxd6 Bh1 36. Rc5 Rxc5 37. Rxc5 Qxc5 38. Qg7+ Kh4 39. Qxf8 Qd5 40. Nf5+ Kxg4 41. Qg8+ 1-0